| 000 | 00649cam a22002411 4500 | ||
|---|---|---|---|
| 999 |
_c1016 _d1016 |
||
| 001 | 14486 | ||
| 003 | BD-DhUAP | ||
| 005 | 20210119103319.0 | ||
| 008 | 200129s2010 bg 001 0 eng | ||
| 020 | _a818719796X | ||
| 040 |
_aDLC _cWU-L _dBD-DhUAP _bEng |
||
| 082 |
_223 _a347.9549 SAR |
||
| 100 | 1 | _aSarkar, S. K. | |
| 245 | 1 | 2 |
_aPublic interest litigations and public nuisances / _cS. K. Sarkar |
| 250 | _a2nd ed. | ||
| 260 |
_aNew Delhi : _bOrient, _cc2002 [Reprinted 2009]. |
||
| 300 |
_accxxx, 1464 pages ; _c26 cm. |
||
| 500 | _aIncludes index. | ||
| 650 | 0 | _aLitigations. | |
| 650 | 0 | _aNuisances. | |
| 650 | 0 | _aLaw. | |
| 942 |
_2ddc _cBK |
||